| 000 | 00631nam a2200121Ia 4500 | ||
|---|---|---|---|
| 008 | 220620s9999||||xx |||||||||||||| ||und|| | ||
| 100 | _aWoodley, Daniel | ||
| 245 | 0 |
_aGlobalization and Capitalist Geopolitics _bSovereignty and state power in a multipolar world |
|
| 546 | _aEnglish[eng] | ||
| 650 | _aEconomics||International Relations||Globalization||Capitalism||China||Geopolitics||Western world | ||
| 856 | _uhttps://library.oapen.org/bitstream/20.500.12657/31706/1/625755.pdf||https://library.oapen.org/bitstream/20.500.12657/31706/1/625755.pdf||https://library.oapen.org/bitstream/20.500.12657/31706/1/625755.pdf | ||
| 942 | _cEB | ||
| 999 |
_c33472 _d33472 |
||